| 000 | 004270000a22001690004500 | ||
|---|---|---|---|
| 003 | LK-CoMWRAF | ||
| 008 | 230817t ||||| |||| 00| 0 eng d | ||
| 040 |
_aLK-CoMWRAF _dLK-CoMWRAF _eLK-CoMWRAF |
||
| 041 | _aeng | ||
| 082 |
_a150 _bABD |
||
| 100 | _aAbdulcadir N.S.N.Mohamed | ||
| 245 |
_aPunithamana kudumpa vaalkai _b |
||
| 260 |
_aMedras _bSulaimania publishers _c1994 |
||
| 300 | _ap.123 | ||
| 650 | _aislam | ||
| 942 | _cBK | ||
| 999 |
_c2797 _d2797 |
||